[Event "Urals-ch 72nd"]
[Site "Tiumen"]
[Date "2014.03.22"]
[Round "3"]
[White "Chernyuk, Mikhail"]
[Black "Khudyschkin, Vladimir"]
[Result "1-0"]
[WhiteElo "2292"]
[BlackElo "1998"]
[PlyCount "111"]
[EventDate "2014.03.20"]
[EventType "swiss"]
[EventRounds "9"]
[EventCountry "RUS"]
[SourceTitle "CBM 159 Extra"]
[Source "ChessBase"]
[SourceDate "2014.04.24"]
[SourceVersion "1"]
[SourceVersionDate "2014.04.24"]
[SourceQuality "1"]

1. e4 c5 2. c3 d6 3. d4 Nf6 4. dxc5 Nc6 5. f3 dxc5 6. Qxd8+ Nxd8 7. Na3 a6 8. Nc4 Nd7 9. Bf4 Nc6 10. a4 g6 11. Ne3 Bg7 12. Nd5 0-0 13. Bg5 e6 14. Ne3 Rb8 15. a5 b6 16. axb6 Rxb6 17. 0-0-0 h6 18. Bh4 g5 19. Bf2 Nce5 20. h4 a5 21. hxg5 hxg5 22. Rh5 f6 23. g3 a4 24. f4 gxf4 25. gxf4 Nc6 26. Nc4 Rb8 27. Nd6 Rd8 28. Bb5 Na7 29. Bc4 Nb6 30. Ba2 a3 31. b3 Na4 32. Rh3 Nb2 33. Rd2 Ba6 34. Bxc5 Nb5 35. c4 Nxd6 36. Bxd6 Ra8 37. Bxa3 Rxd2 38. Kxd2 Bb7 39. Bxb2 Rxa2 40. Kc1 Bxe4 41. Nf3 Kf7 42. Nd4 f5 43. Rh7 Kg8 44. Rxg7+ Kxg7 45. Nxf5+ Kg6 46. Nd6 Ba8 47. b4 Ra4 48. b5 Ra7 49. Kd2 Rh7 50. Be5 Rd7 51. Kc3 Kh7 52. Kb4 Bg2 53. c5 Kg8 54. c6 Rc7 55. Kc5 Kf8 56. Kb6 1-0